Human Histology (Record no. 65)

MARC details
000 -LEADER
fixed length control field 00718cam a22002654a 4500
001 - CONTROL NUMBER
control field 13844579
003 - CONTROL NUMBER IDENTIFIER
control field OSt
005 - DATE AND TIME OF LATEST TRANSACTION
control field 20180503143232.0
008 - FIXED-LENGTH DATA ELEMENTS--GENERAL INFORMATION
fixed length control field 050118s2005 paua 001 0 eng
010 ## - LIBRARY OF CONGRESS CONTROL NUMBER
LC control number 2005271002
020 ## - INTERNATIONAL STANDARD BOOK NUMBER
International Standard Book Number 0323036635
040 ## - CATALOGING SOURCE
Original cataloging agency DLC
Transcribing agency DLC
Modifying agency DLC
042 ## - AUTHENTICATION CODE
Authentication code pcc
050 00 - LIBRARY OF CONGRESS CALL NUMBER
Classification number QM551
Item number .S74 2005
082 00 - DEWEY DECIMAL CLASSIFICATION NUMBER
Classification number QS 504 S31s 2005
Edition number 3rd
Item number ALA
100 1# - MAIN ENTRY--PERSONAL NAME
Personal name Stevens, Alan; Lowe, James Steven
9 (RLIN) 193
245 10 - TITLE STATEMENT
Title Human Histology
250 ## - EDITION STATEMENT
Edition statement 3rd ed.
260 ## - PUBLICATION, DISTRIBUTION, ETC. (IMPRINT)
Place of publication, distribution, etc. Philadelphia ;
Name of publisher, distributor, etc. Elsevier/Mosby,
Date of publication, distribution, etc. 2005.
300 ## - PHYSICAL DESCRIPTION
Extent 428 p. :
Other physical details ill. (some col.) ;
Dimensions 28 cm.
504 ## - BIBLIOGRAPHY, ETC. NOTE
Bibliography, etc Includes index
650 #0 - SUBJECT ADDED ENTRY--TOPICAL TERM
Topical term or geographic name as entry element Histology.
9 (RLIN) 194
906 ## - LOCAL DATA ELEMENT F, LDF (RLIN)
a 7
b cbc
c origcop
d 3
e ncip
f 20
g y-gencatlg
942 ## - ADDED ENTRY ELEMENTS (KOHA)
Source of classification or shelving scheme Other/Generic Classification Scheme
Koha item type Open Shelf
Holdings
Withdrawn status Lost status Source of classification or shelving scheme Damaged status Not for loan Home library Current library Date acquired Source of acquisition Inventory number Total Checkouts Total Renewals Full call number Barcode Date last seen Date last checked out Koha item type Cost, replacement price
    Other/Generic Classification Scheme     MUST Main Library MUST Main Library 01/07/2014 Donation 10/32212 1 1 QS504 S31s 2005 2014-0080 04/05/2017 23/03/2017 Open Shelf  
    Other/Generic Classification Scheme     MUST Main Library MUST Main Library 17/03/2021 Purchase 07/29172 2   QS 504 S31s 2005 2021-0269 20/09/2024 10/11/2023 Open Shelf 0.00